000 01196nam a2200325 i 4500
003 EG-GICUC
005 20260121101237.0
008 251117s2006 ua ||||fr|||| 00| 0 ara d
020 _a977193758
040 _a EG-GICUC
_bara
_c EG-GICUC
_d EG-GICUC
_erda
041 0 _hara
082 0 4 _221
_a345.2
_bه د . ت
092 0 4 _221
099 _aLaw1 07 345.2 ه د . ت 2006
100 0 _aهدى محمد عبد العال
_eمؤلف.
245 1 2 _aالتطوير الإداري والحكومة الإلكترونية /
_cدكـتور هدى محمد عبد العال.
250 _aالطبعة الأولى
264 1 _aالقاهرة :
_bدار الكـتب المصرية ،
_c2006.
300 _a169 صفحة ؛
_c24 سم.
336 _2rda content
_atext
337 _2rda media
_aComputer
338 _2rda carrier
_aOnline Resource
504 _aيشتمل على إرجاعات ببليوجرافية
504 _a.ببليوجرافيا صفحات : (153-161)
546 _aالنص باللغة العربية
650 1 _aالقانون الإداري
856 4 0 _uhttps://fll.law.cu.edu.eg/fulltext/bks/B07-00789.pdf
905 _a33
942 _2ddc
_cBK
_e21
_n0
999 _c44060
_d44060